00368nam a2200109Ia 4500008004100000082001300041082000800054245011500062245003600177260003600213300000900249231017s9999 xx 000 0 und d a624.1834 bRUS 0a"Compilation and evaluation of results from high-performance concrete bridge projects, volume I, Final Report" 0cUS Department of Transportation bUS Department of Transportation c30cm